Drapeaux en formes de Pays #10 - Statistiques

Statistiques générales
  • Ce quiz a été pris 25 546 fois
  • Le résultat moyen est 11 sur 16
Statistiques - réponses
Par images Réponse % Correct
Danemark
94%
Chypre
93%
Hongrie
87%
Cameroun
82%
Mongolie
78%
Andorre
77%
Bhoutan
76%
Liechtenstein
67%
Zambie
63%
Guinée
61%
Comores
59%
République du Congo
59%
Bolivie
58%
Koweït
58%
Tadjikistan
55%
Djibouti
52%
Aucun quiz correspondant
Distribution des résultats
% des personnes avec chaque résultat
Percentile par nombre de réponses
Votre historique - résultats
Vous n’avez pas pris ce quiz